000 00704nam a2200289 a 4500
003 AR-BaBNM
005 20251128210939.0
008 082120s2002 ||||||||||||||000 | spa||
020 _a84-339-2023-5
040 _cAR-BaBNM
100 1 _aDahl, Roald
245 0 0 _aHistorias extraordinarias
250 _a7ª ed.
260 _aBarcelona
_bAnagrama
_c1997
300 _a206 p.
490 0 _aCompactos
_vv. 19
650 4 _aLITERATURA INGLESA
650 4 _aANTOLOGIAS
650 4 _aHUMOR
653 _aNARRATIVA
653 _aLITERATURA FANTASTICA
655 _aLITERATURA
700 1 _aBeltrán, Jordi
_etraductor
800 1 _aVivas, Julio
_edirector
942 _cBK
998 _cMARTIN
999 _c17586
_d17586